Central Library OPAC University of Rajshahi

Mutations. (Record no. 12126)

MARC details
000 -LEADER
fixed length control field 00903cam a22002771 4500
001 - CONTROL NUMBER
control field 12126
003 - CONTROL NUMBER IDENTIFIER
rucl marc code BD-RjUL
005 - DATE AND TIME OF LATEST TRANSACTION
control field 20211208235235.0
008 - FIXED-LENGTH DATA ELEMENTS--GENERAL INFORMATION
fixed length control field 140128s1962 miua b s101 0 eng d
035 ## - SYSTEM CONTROL NUMBER
System control number (BD-RjUL)12175
040 ## - CATALOGING SOURCE
Original cataloging agency DLC/ICU
Transcribing agency ICU
Modifying agency DLC
-- BD-RjUL
Language of cataloging eng
041 ## - LANGUAGE CODE
Language code of text/sound track or separate title eng
082 00 - DEWEY DECIMAL CLASSIFICATION NUMBER
Classification number 575.292
Author mark and year MUT 1962
111 2# - MAIN ENTRY--MEETING NAME
Meeting name or jurisdiction name as entry element Macy Conference on Genetics
Number of part/section/meeting (2nd :
Date of meeting 1960 :
Location of meeting Princeton, N.J.)
9 (RLIN) 37564
245 10 - TITLE STATEMENT
Title Mutations.
Statement of responsibility, etc. Edited by William J. Schull.
260 ## - PUBLICATION, DISTRIBUTION, ETC. (IMPRINT)
Place of publication, distribution, etc. Ann Arbor :
Name of publisher, distributor, etc. University of Michigan Press ,
Date of publication, distribution, etc. c1962
300 ## - PHYSICAL DESCRIPTION
Pagination x, 248 p. :
Illustrations diagrs., tables. ;
Size 23 cm.
500 ## - GENERAL NOTE
General note Sponsored by the Josiah Macy, Jr. Foundation.
504 ## - BIBLIOGRAPHY, ETC. NOTE
Bibliography, etc Includes bibliographies.
650 #0 - SUBJECT ADDED ENTRY--TOPICAL TERM
Topical term or geographic name as entry element Mutation (Biology)
9 (RLIN) 36053
700 1# - ADDED ENTRY--PERSONAL NAME
Personal name Schull, William J.,
Relator term ed.
710 2# - ADDED ENTRY--CORPORATE NAME
Corporate name or jurisdiction name as entry element Josiah Macy Jr. Foundation.
9 (RLIN) 37249
942 ## - ADDED ENTRY ELEMENTS (KOHA)
Source of classification or shelving scheme Dewey Decimal Classification
Koha item type Books
Holdings
Lost status Source of classification or shelving scheme Damaged status Not for loan Collection code Permanent Location Current Location Shelving location Date acquired Source of acquisition Total Checkouts Full call number Date last seen Copy number Koha item type
  Dewey Decimal Classification   Not For Loan Non-fiction Central Library, University of Rajshahi Central Library, University of Rajshahi   22/06/1966 Asia Foundation   575.292 MUT 1962 28/01/2014 C-1 Books